| 000 | | | 04820nac2a22003373x 450 |
| 001 | | | fece82d0-28a0-4db5-922c-d8ec0cfa89d2 |
| 005 | | | 20240723151204.0 |
| 100 | ## | $a | 20240716l1888 k y0rusy50 ca |
| 101 | 0# | $a | rus |
| 102 | ## | $a | RU |
| 105 | ## | $a | y z ||||| |
| 122 | 0# | $a | d18881231 |
| 200 | 1# | $a | Записка неизвестного лица "О полиции" |
| | $j | [18--] |
| 215 | ## | $a | 30 листов |
| | $d | 36,6 х 24,2 |
| 251 | ## | $c | Дело |
| 300 | ## | $a | Листы: 30 листов, в том числе: ненумерованные чистые листы № после листа 30 (1) |
| 300 | ## | $a | Тетрадь, переплет-бумага, картон, дерматин, кожа, золотое теснение |
| 300 | ## | $a | На обложке наклеен бумажный архивный ярлык |
| 300 | ## | $a | На папке дела: б/д |
| 300 | ## | $a | Рукописный текст |
| 325 | ## | $a | Замикрофильмировано |
| 330 | ## | $a | Входит в раздел описи: Материалы, относящиеся к деятельности Лорис-Меликова М. Т. в Верховной Распорядительной Комиссии |
| 461 | #0 | $1 | 001cda3d175-ae4a-411a-8dea-9cc20fb178f6 |
| | $1 | 2001 |
| | $a | Лорис-Меликов Михаил Тариелович, граф, министр внутренних дел, главный начальник "верховной распорядительной комиссии по охранению государственного порядка и общественного спокойствия", генерал от кавалерии |
| | $1 | 251 |
| | $c | Фонд |
| | $1 | 852 |
| | $j | 569 |
| 462 | #0 | $1 | 001163e060a-d7cc-404d-90ee-e28c9801971b |
| | $1 | 2001 |
| | $a | Опись дел фонда М. Т. Лорис-Меликова за 1858-1915 гг. |
| | $v | Д. 104 |
| | $1 | 251 |
| | $c | Опись |
| | $1 | 852 |
| | $j | 1 |
| 605 | ## | $3 | DITM\AF\0000002775 |
| | $a | Власть |
| | $l | коллекция |
| | $2 | acquisition_prlib |
| 610 | 1# | $a | Записка о полиции |
| 686 | ## | $a | 63.3(2)535-332ю1 |
| | $c | История |
| | $2 | rubbk |
| 686 | ## | $a | 67.400.6ю1 |
| | $c | Право |
| | $2 | rubbk |
| 801 | #0 | $a | RU |
| | $b | GA_RF |
| 801 | #1 | $a | RU |
| | $b | ГлавНИВЦ |
| | $c | 20240716 |
| | $2 | rusmarc |
| 801 | #2 | $a | RU |
| | $b | ПБ им. Б.Н. Ельцина |
| | $c | 20240723 |
| | $g | RCR |
| | $2 | rusmarc |
| 852 | ## | $a | ГА РФ |
| | $j | 104 |
| 937 | ## | $d | 193080700 |
| | $h | ГАРФ |
| 035 | ## | $a | RuPRLIB51076802 |
| 856 | ## | $u | http://readingroom.main.prlib.ru/item.aspx?id_node=n193080700&mode=full |